Eastern Utah Libraries Catalog: Duchesne, Heber, Roosevelt, & Vernal

The keeper of stories / (Record no. 416886)

MARC details
000 -LEADER
fixed length control field 03083pam a2200661 i 4500
001 - CONTROL NUMBER
control field 3480493
005 - DATE AND TIME OF LATEST TRANSACTION
control field 20260303171955.0
008 - FIXED-LENGTH DATA ELEMENTS--GENERAL INFORMATION
fixed length control field 240109s2025 nyua b b 000 1 eng
010 ## - LIBRARY OF CONGRESS CONTROL NUMBER
LC control number 2023046375
020 ## - INTERNATIONAL STANDARD BOOK NUMBER
International Standard Book Number 9781665914970
Qualifying information (hardcover) :
Terms of availability $19.99
020 ## - INTERNATIONAL STANDARD BOOK NUMBER
International Standard Book Number 1665914971 :
Terms of availability $19.99
020 ## - INTERNATIONAL STANDARD BOOK NUMBER
Cancelled/invalid ISBN 9781665914987
Qualifying information (ebook)
035 ## - SYSTEM CONTROL NUMBER
System control number (OCoLC)1416968139
035 ## - SYSTEM CONTROL NUMBER
System control number (OCoLC)on1416968139
040 ## - CATALOGING SOURCE
Original cataloging agency DLC
Language of cataloging eng
Description conventions rda
Transcribing agency DLC
042 ## - AUTHENTICATION CODE
Authentication code pcc
-- cyac
043 ## - GEOGRAPHIC AREA CODE
Geographic area code n-us---
050 00 - LIBRARY OF CONGRESS CALL NUMBER
Classification number PZ7.1.P7695
Item number Ke 2025
082 00 - DEWEY DECIMAL CLASSIFICATION NUMBER
Classification number [E]
Edition number 23
092 ## - LOCALLY ASSIGNED DEWEY CALL NUMBER (OCLC)
Classification number children nonfiction
Item number Pritchard
100 1# - MAIN ENTRY--PERSONAL NAME
Personal name Pritchard, Caroline Kusin,
Relator term author.
9 (RLIN) 6549368
245 14 - TITLE STATEMENT
Title The keeper of stories /
Statement of responsibility, etc written by Caroline Kusin Pritchard ; illustrated by Selina Alko.
250 ## - EDITION STATEMENT
Edition statement First edition.
264 #1 - Production, Publication, Distribution, Manufacture, and Copyright Notice.
Place of production, publication, distribution, manufacture New York :
Name of producer, publisher, distributor, manufacturer Simon & Schuster Books for Young Readers,
Date of production, publication, distribution, manufacture, or copyr [2025]
300 ## - PHYSICAL DESCRIPTION
Extent 1 volume (unpaged) :
Other physical details illustrations (some color) ;
Dimensions 32 cm
336 ## - Content Type
Content type term text
336 ## - Content Type
Content type term still image
337 ## - Media type
Media type term unmediated
338 ## - Carrier type
Carrier type term volume
504 ## - BIBLIOGRAPHY, ETC. NOTE
Bibliography, etc Includes bibliographical references.
520 ## - SUMMARY, ETC.
Summary, etc When a fire break out at the Jewish Theological Seminary library, helping hands from across the community rally together to save the books and preserve the stories within the pages. Includes factual backmatter on the Jewish Theological Seminary fire of 1966.
521 1# - TARGET AUDIENCE NOTE
Target audience note 3-8
Source Brodart.
521 2# - TARGET AUDIENCE NOTE
Target audience note P-3
Source Brodart.
586 ## - AWARDS NOTE
Awards note Sydney Taylor Honor Book, 2026
610 20 - SUBJECT ADDED ENTRY--CORPORATE NAME
Corporate name or jurisdiction name as entry element Jewish Theological Seminary of America.
Subordinate unit Library
Form subdivision Juvenile fiction.
9 (RLIN) 6561776
610 21 - SUBJECT ADDED ENTRY--CORPORATE NAME
Corporate name or jurisdiction name as entry element Jewish Theological Seminary of America.
Subordinate unit Library
Form subdivision Fiction.
9 (RLIN) 6561777
650 #0 - SUBJECT ADDED ENTRY--TOPICAL TERM
Topical term or geographic name as entry element Libraries
Form subdivision Juvenile fiction.
9 (RLIN) 5698338
650 #0 - SUBJECT ADDED ENTRY--TOPICAL TERM
Topical term or geographic name as entry element Fires
Form subdivision Juvenile fiction.
9 (RLIN) 5687127
650 #0 - SUBJECT ADDED ENTRY--TOPICAL TERM
Topical term or geographic name as entry element Jews
Geographic subdivision United States
Form subdivision Juvenile fiction.
9 (RLIN) 5686151
650 #0 - SUBJECT ADDED ENTRY--TOPICAL TERM
Topical term or geographic name as entry element Communities
Form subdivision Juvenile fiction.
9 (RLIN) 5692715
650 #0 - SUBJECT ADDED ENTRY--TOPICAL TERM
Topical term or geographic name as entry element Sydney Taylor Picture Book Award
9 (RLIN) 6561778
650 #1 - SUBJECT ADDED ENTRY--TOPICAL TERM
Topical term or geographic name as entry element Libraries
Form subdivision Fiction.
9 (RLIN) 5676033
650 #1 - SUBJECT ADDED ENTRY--TOPICAL TERM
Topical term or geographic name as entry element Fires
Form subdivision Fiction.
9 (RLIN) 5687129
650 #1 - SUBJECT ADDED ENTRY--TOPICAL TERM
Topical term or geographic name as entry element Jews
Geographic subdivision United States
Form subdivision Fiction.
9 (RLIN) 5686154
650 #1 - SUBJECT ADDED ENTRY--TOPICAL TERM
Topical term or geographic name as entry element Communities
Form subdivision Fiction.
9 (RLIN) 5692720
650 #7 - SUBJECT ADDED ENTRY--TOPICAL TERM
Topical term or geographic name as entry element JUVENILE NONFICTION / Books & Libraries.
Source of heading or term bisacsh
9 (RLIN) 5754772
650 #7 - SUBJECT ADDED ENTRY--TOPICAL TERM
Topical term or geographic name as entry element JUVENILE NONFICTION / History / United States / 20th Century.
Source of heading or term bisacsh
9 (RLIN) 5733117
650 #7 - SUBJECT ADDED ENTRY--TOPICAL TERM
Topical term or geographic name as entry element JUVENILE NONFICTION / Religion / Judaism.
Source of heading or term bisacsh
9 (RLIN) 6330271
700 1# - ADDED ENTRY--PERSONAL NAME
Personal name Alko, Selina,
Relator term illustrator.
9 (RLIN) 5882809
776 08 - ADDITIONAL PHYSICAL FORM ENTRY
Display text Online version:
Main entry heading Pritchard, Caroline Kusin.
Title Keeper of stories.
Edition First edition
Place, publisher, and date of publication New York : Simon & Schuster, 2025
International Standard Book Number 9781665914987
Record control number (DLC) 2023046376
942 ## - ADDED ENTRY ELEMENTS (KOHA)
Source of classification or shelving scheme Dewey Decimal Classification
Koha item type BOOK
Holdings
Withdrawn status Lost status Source of classification or shelving scheme Damaged status Not for loan Collection code Home library Current library Shelving location Date acquired Source of acquisition Total Checkouts Full call number Barcode Date last seen Cost, replacement price Price effective from Koha item type
    Dewey Decimal Classification     Children NonFiction Wasatch County Library Wasatch County Library Main Floor Childrens Area 03/04/2026 Amazon   E History Pritchard 34301002180844 03/04/2026 19.99 03/04/2026 BOOK
This project was made possible through a grant from the Institute of Museum and Library Service administered by the Utah State Library Division.

Wasatch County Library

  • 465 East 1200 South, Heber City, Utah 84032
  • Phone 435-654-1511 | Fax 435-654-6456

Hours

  • Monday - Friday 9:30 AM - 8:00 PM
  • Saturday 9:30 AM - 1:30 PM
  • Closed Sundays and Holidays